
Library Catalogue

| 000 -LEADER | |
|---|---|
| fixed length control field | 01029nam a2200157Ia 4500 |
| 005 - DATE AND TIME OF LATEST TRANSACTION | |
| control field | 20260209120123.0 |
| 008 - FIXED-LENGTH DATA ELEMENTS--GENERAL INFORMATION | |
| fixed length control field | 260209s9999||||xx |||||||||||||| ||und|| |
| 100 ## - MAIN ENTRY--PERSONAL NAME | |
| Personal name | Niranjan Raj |
| 245 #0 - TITLE STATEMENT | |
| Title | Trade in textiles and clothing under the GATT/WTO regime |
| 260 ## - PUBLICATION, DISTRIBUTION, ETC. | |
| Place of publication, distribution, etc. | BangaloreBangalore |
| Name of publisher, distributor, etc. | NLSIU |
| Date of publication, distribution, etc. | 2006 |
| 300 ## - PHYSICAL DESCRIPTION | |
| Extent | 128 p. ; 25 cm. |
| 505 ## - FORMATTED CONTENTS NOTE | |
| Formatted contents note | TABLE OF CONTENTS CHAPTER; 1. Introduction; 2. History & Evolution: Past to Present; 3. The Multifibre Arrangement; 4. The Agreement on Textiles and Clothing; 5. Disputes under the ATC; 6. Impact on Global and Indian Textile Trade; 7. Conclusion; Annexure: A. Text of Short Term Arrangement; B. Text of Long Term Arrangement; C. Text of Multifibre Arrangement; D. Text of Agreement on Textiles and Clothing; Bibliography |
| 650 ## - SUBJECT ADDED ENTRY--TOPICAL TERM | |
| Topical term or geographic name entry element | Agreement on Textiles & Clothing, Indian Textile Trade - Global Impact, Domestic Textile Manufactures - Safeguard |
| 700 ## - ADDED ENTRY--PERSONAL NAME | |
| Personal name | Prof. A. Jayagovind - GuideProf. A. Jayagovind - Guide |
| 856 ## - ELECTRONIC LOCATION AND ACCESS | |
| Uniform Resource Identifier | <a href="https://dans.nls.ac.in/handle/123456789/1342">https://dans.nls.ac.in/handle/123456789/1342</a> |
| Withdrawn status | Lost status | Damaged status | Not for loan | Home library | Current library | Date acquired | Total Checkouts | Barcode | Date last seen | Price effective from | Koha item type |
|---|---|---|---|---|---|---|---|---|---|---|---|
| . | . | 09.02.2026 | LLM131 | 09.02.2026 | 09.02.2026 | Dissertation |